000 00300nam a22001217a 4500
999 _c158738
_d158738
082 _a
_b
245 _aEncyclopaedia of modern methods of teaching (v.3)/
_cby Lay E J S (ed.).
260 _aNew delhi:
_bAnmol,
_c1992.
300 _a685p.
650 _a
700 _aLay E J S (ed.)
942 _cBK